| 000 | 00500nam a2200181Ia 4500 | ||
|---|---|---|---|
| 008 | 131103s9999 xx 000 0 und d | ||
| 040 | _aLoreto College | ||
| 041 | _aEnglish | ||
| 082 |
_a824.86/RUS _bLCLIB/23583 |
||
| 100 | _aRuskin, John | ||
| 245 | 4 |
_aThe crown of wild olive & the cestus of aglaia _cJohn Ruskin |
|
| 260 |
_aLondon _bdenth & sons. _c1911 |
||
| 300 |
_a217p. _c 18cm |
||
| 650 | _aEnglish literature | ||
| 651 | _aenglish eassay | ||
| 850 | _aLCLIB/824.86/RUS | ||
| 942 | _cBK | ||
| 999 |
_c22632 _d73111 |
||